[Event "Moscow op (Women)"]
[Site "Moscow"]
[Date "2012.02.03"]
[Round "7"]
[White "Vasiukova, Renata D"]
[Black "Stanetskaya, Galina"]
[Result "0-1"]
[WhiteElo "1598"]
[BlackElo "1534"]
[PlyCount "60"]
[EventDate "2012.01.28"]
[EventType "swiss"]
[EventRounds "9"]
[EventCountry "RUS"]
[SourceTitle "CBM 146 Extra"]
[Source "ChessBase"]
[SourceDate "2012.02.29"]
[SourceVersion "1"]
[SourceVersionDate "2012.02.29"]
[SourceQuality "1"]

1. d4 Nf6 2. c3 d5 3. Bg5 h6 4. Bh4 g5 5. Bg3 Ne4 6. f3 Nxg3 7. hxg3 e6 8. Nh3 f5 9. Nf2 c5 10. e3 c4 11. Nd2 a5 12. Nh3 Be7 13. Nf2 Qd6 14. f4 g4 15. b3 b5 16. a4 Ba6 17. axb5 Bxb5 18. bxc4 dxc4 19. Bxc4 Bxc4 20. Nxc4 Qd5 21. Nb6 Qxg2 22. Nxa8 Qxa8 23. Qa4+ Nc6 24. Nd3 Kf7 25. 0-0 h5 26. Ne5+ Nxe5 27. fxe5 h4 28. d5 Qxd5 29. Qe4 Qxe4 30. Rae1 hxg3 0-1

[Event "Moscow op (Women)"]
[Site "Moscow"]
[Date "2012.02.01"]
[Round "5"]
[White "Vasiukova, Renata D"]
[Black "Artemenko, Rimma"]
[Result "0-1"]
[WhiteElo "1598"]
[BlackElo "1574"]
[PlyCount "34"]
[EventDate "2012.01.28"]
[EventType "swiss"]
[EventRounds "9"]
[EventCountry "RUS"]
[SourceTitle "CBM 146 Extra"]
[Source "ChessBase"]
[SourceDate "2012.02.29"]
[SourceVersion "1"]
[SourceVersionDate "2012.02.29"]
[SourceQuality "1"]

1. c3 d5 2. Nf3 Nf6 3. d3 Bg4 4. h3 Bxf3 5. gxf3 e6 6. Qa4+ c6 7. Bg5 Be7 8. Bh4 Nbd7 9. e4 Nc5 10. Qc2 Nfd7 11. Bg3 Bh4 12. d4 Bxg3 13. fxg3 Na6 14. e5 Qg5 15. Qf2 Qc1+ 16. Ke2 Qxb2+ 17. Nd2 Qxa1 0-1

[Event "Moscow op-F (Women)"]
[Site "Moscow"]
[Date "2011.01.29"]
[Round "1"]
[White "Kostrikina, Anna"]
[Black "Vasiukova, Renata D"]
[Result "1-0"]
[WhiteElo "2079"]
[BlackElo "1600"]
[PlyCount "49"]
[EventDate "2011.01.29"]
[EventType "swiss"]
[EventRounds "9"]
[EventCountry "RUS"]
[SourceTitle "CBM 140 Extra"]
[Source "ChessBase"]
[SourceDate "2011.03.01"]
[SourceVersion "1"]
[SourceVersionDate "2011.03.01"]
[SourceQuality "1"]

1. e4 c6 2. d4 Qa5+ 3. Nc3 g5 4. Be3 d6 5. Qd2 g4 6. h3 Qh5 7. Be2 Qg6 8. 0-0-0 h5 9. hxg4 Bxg4 10. Nh3 Bh6 11. Bxh6 Bxe2 12. Nf4 Qxh6 13. Ncxe2 Nf6 14. e5 Ne4 15. Qe3 d5 16. Rxh5 Qg7 17. Rxh8+ Qxh8 18. f3 Ng5 19. Nxd5 cxd5 20. Qxg5 e6 21. Ng3 Nd7 22. Rh1 Qf8 23. Nh5 Qe7 24. Ng7+ Kd8 25. Rh8+ 1-0

[Event "Bykova Memorial op (Women)"]
[Site "Suzdal"]
[Date "2009.12.10"]
[Round "2"]
[White "Malinicheva, Lidia"]
[Black "Vasiukova, Renata D"]
[Result "1-0"]
[WhiteElo "2024"]
[BlackElo "1983"]
[PlyCount "53"]
[EventDate "2009.12.09"]
[EventType "swiss"]
[EventRounds "9"]
[EventCountry "RUS"]
[SourceTitle "EXT 2011"]
[Source "ChessBase"]
[SourceDate "2010.11.26"]
[SourceVersion "1"]
[SourceVersionDate "2010.11.26"]
[SourceQuality "1"]

1. e4 c6 2. d4 d6 3. f4 Nf6 4. Nc3 Qc7 5. Nf3 h6 6. e5 Nd5 7. Ne4 Bf5 8. Bd3 e6 9. Qe2 dxe5 10. fxe5 Bxe4 11. Bxe4 Nd7 12. 0-0 0-0-0 13. c4 Ne7 14. Bf4 Re8 15. Nd2 Qd8 16. Bf3 Ng6 17. Bg3 Be7 18. Ne4 Ref8 19. c5 Kb8 20. b4 a6 21. a4 Bh4 22. b5 Bxg3 23. hxg3 Ne7 24. Nd6 a5 25. bxc6 Nxc6 26. Bxc6 bxc6 27. Rab1+ 1-0

[Event "RUS-ch Seniors (Women)"]
[Site "Lesnoj Gorodok"]
[Date "2009.10.11"]
[Round "9"]
[White "Lunkina, Yulia"]
[Black "Vasiukova, Renata D"]
[Result "1-0"]
[WhiteElo "1969"]
[BlackElo "1983"]
[PlyCount "85"]
[EventDate "2009.10.03"]
[EventType "swiss"]
[EventRounds "9"]
[EventCountry "RUS"]
[SourceTitle "CBM 132 Extra"]
[Source "ChessBase"]
[SourceDate "2009.11.03"]
[SourceVersion "1"]
[SourceVersionDate "2009.11.03"]
[SourceQuality "1"]

1. e4 e5 2. Nf3 Nf6 3. Nc3 Nc6 4. Bb5 Bb4 5. Bxc6 dxc6 6. d3 Qe7 7. 0-0 h6 8. h3 Bd7 9. Re1 0-0-0 10. a3 Bd6 11. b4 g5 12. Be3 b6 13. d4 g4 14. dxe5 Bxe5 15. Nxe5 Qxe5 16. Bd4 Qg5 17. hxg4 Qh4 18. f3 Bxg4 19. Bxf6 Qxf6 20. e5 Qg6 21. Qe2 Bh3 22. Rad1 Rdg8 23. Rd2 Qe6 24. Qa6+ Kb8 25. Kh2 Qg6 26. Qf1 Be6 27. Ne4 Qh5+ 28. Kg1 Qxe5 29. f4 Qb5 30. Nf6 Qxf1+ 31. Kxf1 Rd8 32. Red1 Rxd2 33. Rxd2 Kc8 34. g4 Rd8 35. Rh2 Rd4 36. f5 Bc4+ 37. Ke1 Bd5 38. Rxh6 Bf3 39. Rh8+ Rd8 40. Rh7 Rf8 41. Kf2 Bd5 42. Ke3 Ba2 43. c4 1-0

[Event "RUS-ch Seniors (Women)"]
[Site "Lesnoj Gorodok"]
[Date "2009.10.04"]
[Round "2"]
[White "Vasiukova, Renata D"]
[Black "Aleksyuk, Varvara"]
[Result "0-1"]
[WhiteElo "1983"]
[BlackElo "1850"]
[PlyCount "102"]
[EventDate "2009.10.03"]
[EventType "swiss"]
[EventRounds "9"]
[EventCountry "RUS"]
[SourceTitle "CBM 132 Extra"]
[Source "ChessBase"]
[SourceDate "2009.11.03"]
[SourceVersion "1"]
[SourceVersionDate "2009.11.03"]
[SourceQuality "1"]

1. c3 c5 2. d3 e5 3. h3 Nc6 4. g4 d6 5. Bg2 Be6 6. Nd2 Nf6 7. Ngf3 Be7 8. Ng5 Bd7 9. Nge4 Be6 10. Ng5 0-0 11. Nxe6 fxe6 12. e4 Qb6 13. Qb3 Qxb3 14. axb3 d5 15. 0-0 d4 16. Nc4 b5 17. Na5 Nxa5 18. Rxa5 a6 19. Bd2 Bd8 20. Ra2 a5 21. b4 cxb4 22. cxd4 exd4 23. Bxb4 Re8 24. e5 Nd5 25. Bc5 Ra6 26. Bxd5 exd5 27. Bxd4 a4 28. b4 Bc7 29. Re1 Rae6 30. f4 Bb6 31. Bxb6 Rxb6 32. f5 Rc6 33. e6 Rc3 34. Ree2 Kf8 35. Kg2 Ke7 36. g5 Rf8 37. Rac2 d4 38. Rxc3 dxc3 39. f6+ gxf6 40. gxf6+ Rxf6 41. Rc2 Rxe6 42. Rxc3 Ra6 43. Ra3 Kd6 44. Kf3 Kd5 45. Ke3 Re6+ 46. Kd2 Rh6 47. Rc3 Rc6 48. Ra3 Kd4 49. h4 h5 50. Kd1 Rg6 51. Kd2 Rg4 0-1

[Event "RUS-ch Seniors (Women)"]
[Site "Lesnoj Gorodok"]
[Date "2009.10.03"]
[Round "1"]
[White "Malkova, Nadezhda"]
[Black "Vasiukova, Renata D"]
[Result "1-0"]
[WhiteElo "2003"]
[BlackElo "1983"]
[PlyCount "53"]
[EventDate "2009.10.03"]
[EventType "swiss"]
[EventRounds "9"]
[EventCountry "RUS"]
[SourceTitle "CBM 132 Extra"]
[Source "ChessBase"]
[SourceDate "2009.11.03"]
[SourceVersion "1"]
[SourceVersionDate "2009.11.03"]
[SourceQuality "1"]

1. d4 c6 2. c4 d6 3. Nc3 h6 4. e4 g5 5. Be3 Nd7 6. Bd3 Bg7 7. Nge2 Ngf6 8. f3 e5 9. d5 c5 10. Ng3 Nb6 11. 0-0 Bd7 12. Qd2 Qe7 13. a4 0-0-0 14. a5 Na8 15. Nb5 a6 16. Nc3 Rdg8 17. Na4 Qd8 18. b4 Bxa4 19. Rxa4 Nd7 20. Nf5 Bf8 21. b5 Nc7 22. Rb1 b6 23. bxa6 Nxa6 24. axb6 Nb4 25. Ra8+ Nb8 26. Rxb4 cxb4 27. Qxb4 1-0

[Event "Moscow op (Women)"]
[Site "Moscow"]
[Date "2009.02.02"]
[Round "3"]
[White "Vasiukova, Renata D"]
[Black "Kareva, Natalia"]
[Result "0-1"]
[WhiteElo "1574"]
[BlackElo "1951"]
[PlyCount "48"]
[EventDate "2009.01.31"]
[EventType "swiss"]
[EventRounds "9"]
[EventCountry "RUS"]
[SourceTitle "EXT 2012"]
[Source "ChessBase"]
[SourceDate "2011.11.24"]
[SourceVersion "1"]
[SourceVersionDate "2011.11.24"]
[SourceQuality "1"]

1. c3 d5 2. d3 e5 3. h3 Nc6 4. Nd2 Nf6 5. g4 h5 6. g5 Ng8 7. h4 Nge7 8. e4 d4 9. cxd4 Nxd4 10. Bh3 Bxh3 11. Rxh3 Ng6 12. Nf1 Bb4+ 13. Bd2 Bxd2+ 14. Nxd2 Qd7 15. Rh2 Nf4 16. Rc1 Nxd3+ 17. Kf1 Nxb2 18. Qe1 Nd3 19. Qd1 Nxc1 20. Qxc1 0-0-0 21. Ngf3 Nxf3 22. Nxf3 Qd3+ 23. Ke1 Qxf3 24. Qe3 Rd1# 0-1

[Event "RUS-ch Seniors (Women)"]
[Site "Odintsovo"]
[Date "2008.10.02"]
[Round "1"]
[White "Kalashnikova, Larisa"]
[Black "Vasiukova, Renata D"]
[Result "1/2-1/2"]
[WhiteElo "2053"]
[BlackElo "1528"]
[PlyCount "60"]
[EventDate "2008.10.02"]
[EventType "swiss"]
[EventRounds "9"]
[EventCountry "RUS"]
[SourceTitle "CBM 127 Extra"]
[Source "ChessBase"]
[SourceDate "2009.01.08"]
[SourceVersion "2"]
[SourceVersionDate "2009.01.28"]
[SourceQuality "1"]

1. e4 c6 2. d4 d6 3. f4 h6 4. Nf3 Nd7 5. Bd3 e5 6. c3 exf4 7. Bxf4 Ngf6 8. 0-0 g5 9. Bg3 Nh5 10. Bf2 Nf4 11. Bc2 Bg7 12. Nbd2 g4 13. Nh4 Nb6 14. Bg3 Nh5 15. Nf5 Bxf5 16. Rxf5 Nxg3 17. hxg3 h5 18. Qf1 f6 19. Qf2 Qc7 20. a4 a5 21. b4 Nd7 22. Nc4 axb4 23. cxb4 b5 24. Na5 bxa4 25. Bxa4 Nb8 26. d5 Kf7 27. Ra2 c5 28. Nc6 Nxc6 29. dxc6 cxb4 30. Qd4 Kg6 1/2-1/2

[Event "RUS-ch Seniors (Women)"]
[Site "Zvenigorod"]
[Date "2005.11.28"]
[Round "1"]
[White "Vasiukova, Renata D"]
[Black "Melnik, Galina Ivanovna"]
[Result "0-1"]
[WhiteElo "1983"]
[BlackElo "2071"]
[PlyCount "29"]
[EventDate "2005.11.28"]
[EventType "swiss"]
[EventRounds "7"]
[EventCountry "RUS"]
[SourceTitle "EXT 2007"]
[Source "ChessBase"]
[SourceDate "2006.11.23"]
[SourceVersion "1"]
[SourceVersionDate "2006.11.23"]
[SourceQuality "1"]

1. c3 d5 2. d3 e5 3. g3 Nf6 4. Bg2 Nc6 5. Nd2 Bc5 6. Nf1 Ng4 7. Ne3 Nf6 8. Qb3 e4 9. Qc2 Qe7 10. dxe4 dxe4 11. f3 exf3 12. Bxf3 Bxe3 13. Bxe3 Qxe3 14. Qd3 Qxd3 15. exd3 0-1